[Event "34. Abierto Collado Villalba 2017 - B"]
[Site "Collado Villalba ESP"]
[Date "2017.08.26"]
[Round "5.3"]
[White "Rodriguez Del Moral, Angel"]
[Black "Sotoca Aguado, Jose"]
[Result "0-1"]
[WhiteElo "1769"]
[BlackElo "1885"]
[PlyCount "122"]
[EventDate "2017.08.22"]
[EventType "swiss"]
[EventRounds "9"]
[EventCountry "ESP"]
[SourceTitle "Ajedrez en Madrid"]
[Source "lmi"]
[SourceDate "2017.08.22"]
[SourceVersion "1"]
[SourceVersionDate "2017.08.31"]
[SourceQuality "1"]

1. d4 Nf6 2. c4 e6 3. Nf3 b6 4. g3 Bb7 5. Bg2 Bb4+ 6. Bd2 Qe7 7. O-O Bxd2 8.
Qxd2 O-O 9. Nc3 d6 10. d5 e5 11. Qc2 Nbd7 12. Nd2 a6 13. Rae1 Ng4 14. e4 Rac8
15. f3 Nh6 16. Bh3 c6 17. f4 Rc7 18. b3 exf4 19. Bxd7 Qxd7 20. Rxf4 cxd5 21.
Nxd5 Bxd5 22. exd5 b5 23. Nf3 bxc4 24. bxc4 Qd8 25. Qe2 Rb7 26. Nd4 Qb6 27. Kg2
Qb2 28. Nb3 Qxe2+ 29. Rxe2 g5 30. Rf6 Kg7 31. Rxd6 Rc8 32. c5 a5 33. c6 Rb5 34.
c7 Rxc7 35. Rd2 Nf5 36. Rd8 a4 37. Na1 Rb1 38. d6 Nxd6 39. R8xd6 Rxa1 40. Ra6
Rc4 41. Kf3 Re1 42. Kf2 Re6 43. Ra5 Kg6 44. Ra8 Rec6 45. Ke2 h5 46. Ra5 R6c5
47. Ra6+ Kf5 48. h3 g4 49. h4 Rc3 50. Rxa4 Rxg3 51. Kf2 Rgc3 52. Rad4 Rc2 53.
Ke3 Rxd2 54. Rxd2 Rc3+ 55. Kf2 Kf4 56. a4 Rc5 57. Ra2 Ra5 58. Ra3 f5 59. Ke2 g3
60. Kf1 Kg4 61. Kg2 f4 0-1

[Event "34. Abierto Collado Villalba 2017 - B"]
[Site "Collado Villalba ESP"]
[Date "2017.08.26"]
[Round "5.4"]
[White "Alvarez Gonzalez, Eduardo"]
[Black "Gonzalez Pabollet, Jesus Maria"]
[Result "0-1"]
[WhiteElo "1761"]
[BlackElo "1873"]
[PlyCount "126"]
[EventDate "2017.08.22"]
[EventType "swiss"]
[EventRounds "9"]
[EventCountry "ESP"]
[SourceTitle "Ajedrez en Madrid"]
[Source "lmi"]
[SourceDate "2017.08.22"]
[SourceVersion "1"]
[SourceVersionDate "2017.08.31"]
[SourceQuality "1"]

1. d4 b6 2. Nf3 Bb7 3. g3 Bxf3 4. exf3 d5 5. Bg2 e6 6. Be3 Nf6 7. O-O Be7 8.
Nd2 O-O 9. f4 Nbd7 10. c3 c5 11. Qc2 Rc8 12. Nf3 Ne4 13. Ne5 Nd6 14. Qe2 Nf5
15. Rad1 Qc7 16. Bh3 g6 17. Bxf5 gxf5 18. Nxd7 Qxd7 19. Rd2 c4 20. Qh5 Kh8 21.
Re2 Rg8 22. Qxf7 Rg6 23. Bc1 Rf8 24. Qxg6 hxg6 25. h4 Bd6 26. Rfe1 Re8 27. Kg2
Kg7 28. Kg1 Kf7 29. Kg2 b5 30. a3 a5 31. Bd2 Qa7 32. Ra1 Qb6 33. Kg1 Qb7 34.
Kg2 b4 35. axb4 axb4 36. Rae1 Qa7 37. Kf3 Qb6 38. Re3 Bf8 39. R3e2 Ra8 40. Rb1
Ra2 41. Re3 Qa6 42. cxb4 Qa4 43. Bc3 Bxb4 44. Rbe1 Bxc3 45. bxc3 Ra1 46. Rxe6
Rxe1 47. Rxe1 Qc2 48. Re3 Qd1+ 49. Kg2 Qd2 50. Kf3 Kg7 51. Kg2 Kh6 52. Rf3 Kh5
53. Re3 Kg4 54. Rf3 Qd1 55. Re3 Qc2 56. Re6 Qxc3 57. Rxg6+ Kh5 58. Rg5+ Kh6 59.
Rxf5 Qxd4 60. g4 Qe4+ 61. Kg3 Qxf5 62. gxf5 c3 63. f6 c2 0-1

[Event "34. Abierto Collado Villalba 2017 - B"]
[Site "Collado Villalba ESP"]
[Date "2017.08.26"]
[Round "5.5"]
[White "Tirado Parra, Alberto"]
[Black "Menguez Rodriguez, Felipe"]
[Result "0-1"]
[WhiteElo "1863"]
[BlackElo "1736"]
[PlyCount "28"]
[EventDate "2017.08.22"]
[EventType "swiss"]
[EventRounds "9"]
[EventCountry "ESP"]
[SourceTitle "Ajedrez en Madrid"]
[Source "lmi"]
[SourceDate "2017.08.22"]
[SourceVersion "1"]
[SourceVersionDate "2017.08.31"]
[SourceQuality "1"]

1. b4 e5 2. Bb2 Bxb4 3. Bxe5 Nf6 4. c4 O-O 5. g3 Re8 6. Bb2 Nc6 7. Bg2 d6 8.
Nc3 Ne5 9. d3 Bf5 10. Kf1 c6 11. h3 Qe7 12. Nf3 Rad8 13. Rb1 Nxc4 14. Qb3 Bxc3
0-1

[Event "34. Abierto Collado Villalba 2017 - B"]
[Site "Collado Villalba ESP"]
[Date "2017.08.26"]
[Round "5.6"]
[White "Camarero Izquierdo, Juan Carlos"]
[Black "Criado Riesgo, Manuel"]
[Result "1-0"]
[WhiteElo "1844"]
[BlackElo "1646"]
[PlyCount "34"]
[EventDate "2017.08.22"]
[EventType "swiss"]
[EventRounds "9"]
[EventCountry "ESP"]
[SourceTitle "Ajedrez en Madrid"]
[Source "lmi"]
[SourceDate "2017.08.22"]
[SourceVersion "1"]
[SourceVersionDate "2017.08.31"]
[SourceQuality "1"]

1. d4 d5 2. Nc3 Nf6 3. Bg5 e6 4. e4 dxe4 5. Nxe4 Be7 6. Bxf6 Bxf6 7. Nf3 O-O 8.
Qd3 Nc6 9. O-O-O Nb4 10. Qd2 a5 11. Kb1 b6 12. h4 Bb7 13. Nfg5 h6 14. a3 Nd5
15. f4 Be7 16. Qd3 f5 17. Nxe6 fxe4 1-0

[Event "34. Abierto Collado Villalba 2017 - B"]
[Site "Collado Villalba ESP"]
[Date "2017.08.26"]
[Round "5.7"]
[White "Herrero Corada, Jose Ignacio"]
[Black "Muñoz Morato, Miguel"]
[Result "0-1"]
[WhiteElo "1828"]
[BlackElo "1659"]
[PlyCount "96"]
[EventDate "2017.08.22"]
[EventType "swiss"]
[EventRounds "9"]
[EventCountry "ESP"]
[SourceTitle "Ajedrez en Madrid"]
[Source "lmi"]
[SourceDate "2017.08.22"]
[SourceVersion "1"]
[SourceVersionDate "2017.08.31"]
[SourceQuality "1"]

1. e4 e6 2. d4 d5 3. exd5 exd5 4. Bd3 Nf6 5. Ne2 Bd6 6. Bf4 O-O 7. O-O Bg4 8.
f3 Bh5 9. Re1 c6 10. Nbc3 Qc7 11. Bxd6 Qxd6 12. Qd2 Nbd7 13. Nf4 Rae8 14. Nce2
Nb6 15. Qa5 Ra8 16. b3 Bg6 17. Nxg6 hxg6 18. c4 Qb8 19. Ng3 Re8 20. Rxe8+ Qxe8
21. Re1 Qd8 22. c5 Nbd7 23. Qd2 Nh5 24. Nxh5 gxh5 25. Qf4 Qf6 26. Qf5 Qxd4+ 27.
Kh1 Nf6 28. h3 Qxc5 29. g4 Qc3 30. Rg1 g6 31. gxh5 Nxh5 32. Bb1 Ng7 33. Qg4 Re8
34. Qg3 Qe5 35. f4 Qe3 36. Qg4 Qe2 37. Qxe2 Rxe2 38. f5 gxf5 39. Bxf5 Rxa2 40.
Bc8 b6 41. Bb7 Rc2 42. h4 d4 43. h5 Kh7 44. b4 d3 45. Rd1 d2 46. Kh2 Nf5 47. b5
Ne3 48. Bxc6 Kh6 0-1

[Event "34. Abierto Collado Villalba 2017 - B"]
[Site "Collado Villalba ESP"]
[Date "2017.08.26"]
[Round "5.8"]
[White "Garcia Prada, Alejandro"]
[Black "Martin-Consuegra Barrilero, Francisco Javier"]
[Result "1/2-1/2"]
[WhiteElo "1505"]
[BlackElo "1833"]
[PlyCount "99"]
[EventDate "2017.08.22"]
[EventType "swiss"]
[EventRounds "9"]
[EventCountry "ESP"]
[SourceTitle "Ajedrez en Madrid"]
[Source "lmi"]
[SourceDate "2017.08.22"]
[SourceVersion "1"]
[SourceVersionDate "2017.08.31"]
[SourceQuality "1"]

1. e4 d6 2. d4 Nf6 3. Nc3 e5 4. dxe5 dxe5 5. Qxd8+ Kxd8 6. Bc4 Be6 7. Bxe6 fxe6
8. f3 c6 9. Be3 Nbd7 10. Nh3 h6 11. Nf2 Bc5 12. Bxc5 Nxc5 13. O-O-O+ Kc7 14.
Nd3 Nxd3+ 15. Rxd3 Rad8 16. Rhd1 Rxd3 17. Rxd3 g5 18. Kd2 h5 19. Ke3 Rf8 20.
Rd2 Rf7 21. Ne2 h4 22. h3 Nh5 23. Rd3 Nf4 24. Nxf4 gxf4+ 25. Kf2 Rf8 26. Rd2 b6
27. Ke1 c5 28. c4 a6 29. Kd1 Rb8 30. Kc2 b5 31. b3 bxc4 32. bxc4 Rb4 33. Kc3
Rb1 34. Rb2 Re1 35. Rd2 Re3+ 36. Kc2 Ra3 37. Kb2 Ra4 38. Kb3 Rb4+ 39. Kc3 Rb6
40. Rb2 Rd6 41. Rd2 Rd4 42. Rb2 Rd1 43. Rd2 Rc1+ 44. Rc2 Rg1 45. Rb2 Re1 46.
Rd2 Re3+ 47. Kc2 a5 48. Rd3 Rxd3 49. Kxd3 Kc6 50. a4 1/2-1/2

[Event "34. Abierto Collado Villalba 2017 - B"]
[Site "Collado Villalba ESP"]
[Date "2017.08.26"]
[Round "5.9"]
[White "Gamboa Ondono, Jesus"]
[Black "Martin Garcia, Francisco Javier"]
[Result "1-0"]
[WhiteElo "1772"]
[BlackElo "1551"]
[PlyCount "77"]
[EventDate "2017.08.22"]
[EventType "swiss"]
[EventRounds "9"]
[EventCountry "ESP"]
[SourceTitle "Ajedrez en Madrid"]
[Source "lmi"]
[SourceDate "2017.08.22"]
[SourceVersion "1"]
[SourceVersionDate "2017.08.31"]
[SourceQuality "1"]

1. d4 Nf6 2. Nf3 g6 3. c4 Bg7 4. Nc3 d5 5. e3 O-O 6. Be2 c5 7. O-O Nc6 8. dxc5
dxc4 9. Bxc4 Qa5 10. Qb3 Qxc5 11. Na4 Qa5 12. Bd2 Qc7 13. Rac1 Qb8 14. Ng5 Ne5
15. Nc5 Nxc4 16. Qxc4 h6 17. Nf3 b6 18. Na6 Bxa6 19. Qxa6 Ne4 20. Bb4 Bf6 21.
b3 Rc8 22. Nd4 Bxd4 23. exd4 Nd6 24. Rfe1 Rxc1 25. Rxc1 Qd8 26. d5 Nf5 27. Qb7
Qb8 28. Qc6 Nd4 29. Qc4 Nf5 30. g4 Nd6 31. Qf4 g5 32. Qe5 Qd8 33. Bc3 f6 34.
Qe6+ Kf8 35. Bb4 Kg7 36. Rc6 Rc8 37. Bxd6 Rxc6 38. dxc6 exd6 39. Qd7+ 1-0

[Event "34. Abierto Collado Villalba 2017 - B"]
[Site "Collado Villalba ESP"]
[Date "2017.08.26"]
[Round "5.10"]
[White "Melcon Diez, Enrique"]
[Black "Fernandez Rios, Jose Francisco"]
[Result "0-1"]
[WhiteElo "1634"]
[BlackElo "1771"]
[PlyCount "42"]
[EventDate "2017.08.22"]
[EventType "swiss"]
[EventRounds "9"]
[EventCountry "ESP"]
[SourceTitle "Ajedrez en Madrid"]
[Source "lmi"]
[SourceDate "2017.08.22"]
[SourceVersion "1"]
[SourceVersionDate "2017.08.31"]
[SourceQuality "1"]

1. c4 c5 2. Nc3 g6 3. Nf3 Bg7 4. e3 Nf6 5. d4 cxd4 6. exd4 d5 7. cxd5 Nxd5 8.
Qb3 Nxc3 9. bxc3 O-O 10. Bc4 Nc6 11. Bd3 Qc7 12. Rb1 b6 13. O-O Bb7 14. Qc2
Rac8 15. Qe2 Rfd8 16. Bb2 e5 17. Be4 exd4 18. Bxc6 d3 19. Qd2 Qxc6 20. Rfe1
Bxc3 21. Bxc3 Qxc3 0-1

[Event "Collado Villaoba op-B 34th"]
[Site "Collado Villalba"]
[Date "2017.08.26"]
[Round "5.11"]
[White "Benito Alba, Eladio"]
[Black "Mataix Fernandez, Ricardo"]
[Result "1/2-1/2"]
[WhiteElo "1619"]
[BlackElo "1762"]
[PlyCount "53"]
[EventDate "2017.08.22"]
[EventType "swiss"]
[EventRounds "9"]
[EventCountry "ESP"]

1. d4 e6 2. c4 f5 3. Nf3 Nf6 4. Nc3 c6 5. Bg5 Be7 6. e3 O-O 7. Bd3 d5 8. O-O
Ne4 9. Bxe7 Qxe7 10. Ne5 Nd7 11. Nxd7 Bxd7 12. f3 Nd6 13. c5 Nf7 14. e4 f4 15.
e5 Nh6 16. b4 Nf5 17. Bxf5 Rxf5 18. Ne2 Raf8 19. Qe1 Be8 20. a4 a6 21. Ra3 h5
22. Kh1 h4 23. Ng1 Rh5 24. Nh3 g5 25. Nf2 Bg6 26. Ng4 Rh8 27. Nf6+ 1/2-1/2

[Event "Collado Villaoba op-B 34th"]
[Site "Collado Villalba"]
[Date "2017.08.26"]
[Round "5.12"]
[White "Carrasco Coquillat, Jorge"]
[Black "Alameda Arellano, Cristeto"]
[Result "1-0"]
[WhiteElo "1654"]
[BlackElo "1577"]
[PlyCount "57"]
[EventDate "2017.08.22"]
[EventType "swiss"]
[EventRounds "9"]
[EventCountry "ESP"]

1. c4 c6 2. Nf3 Nf6 3. Nc3 d5 4. cxd5 cxd5 5. d4 Bf5 6. Bf4 Nc6 7. e3 a6 8. Bd3
Bxd3 9. Qxd3 e6 10. h3 Bd6 11. Bxd6 Qxd6 12. O-O O-O 13. Rfe1 Rfd8 14. a3 b5
15. b4 Rac8 16. Rac1 Nd7 17. Nd2 e5 18. Nb3 e4 19. Qb1 Nb6 20. Nc5 Nc4 21. Nb7
Nxa3 22. Nxd6 Nxb1 23. Nxc8 Nd2 24. Nxd5 Nc4 25. Nce7+ Nxe7 26. Nxe7+ Kf8 27.
Nf5 Rd5 28. Ng3 f5 29. Ra1 1-0

[Event "Collado Villaoba op-B 34th"]
[Site "Collado Villalba"]
[Date "2017.08.26"]
[Round "5.13"]
[White "Olias Muñoz, Francisco"]
[Black "Olmedo Aznar, Eduardo"]
[Result "1-0"]
[WhiteElo "1865"]
[BlackElo "1519"]
[PlyCount "93"]
[EventDate "2017.08.22"]
[EventType "swiss"]
[EventRounds "9"]
[EventCountry "ESP"]

1. e4 Nf6 2. e5 Nd5 3. c4 Nb6 4. d4 d6 5. exd6 cxd6 6. Nc3 g6 7. Nf3 Bg7 8. Be2
Nc6 9. Be3 O-O 10. O-O e5 11. dxe5 dxe5 12. Qxd8 Rxd8 13. Rfd1 Be6 14. Bxb6
axb6 15. Ng5 Bf5 16. g4 Bc2 17. Rxd8+ Rxd8 18. Nd5 Nd4 19. Kf1 b5 20. Nb4 h6
21. Nxc2 Nxc2 22. Rc1 Nd4 23. Nf3 Nxe2 24. Kxe2 Rc8 25. Rc2 bxc4 26. b3 c3 27.
Nd2 b5 28. a3 b4 29. axb4 Rb8 30. Rxc3 Rxb4 31. Rc4 Bf8 32. Rxb4 Bxb4 33. Nc4
f6 34. f3 Kf7 35. Kd3 Ke6 36. Ne3 Bd6 37. h3 f5 38. Kc4 f4 39. Nf1 Kd7 40. b4
Kc6 41. Nd2 Bb8 42. Ne4 Bc7 43. b5+ Kb6 44. Nf6 Bb8 45. Nd7+ Kc7 46. Nxb8 Kxb8
47. Kd5 1-0

[Event "Collado Villaoba op-B 34th"]
[Site "Collado Villalba"]
[Date "2017.08.26"]
[Round "5.14"]
[White "Mejias Gonzalez, Pedro"]
[Black "Osorio Ramos, Francisco"]
[Result "0-1"]
[WhiteElo "1541"]
[BlackElo "1845"]
[PlyCount "74"]
[EventDate "2017.08.22"]
[EventType "swiss"]
[EventRounds "9"]
[EventCountry "ESP"]

1. e4 c5 2. d4 cxd4 3. c3 dxc3 4. Nxc3 Nc6 5. Nf3 e6 6. Bc4 a6 7. a3 Nge7 8.
O-O b5 9. Ba2 Ng6 10. Re1 Be7 11. Be3 O-O 12. Qc2 Bb7 13. Rad1 Rc8 14. Qb3 Na5
15. Qc2 Nc4 16. Bc1 Qc7 17. Qe2 Rfd8 18. Bxc4 Qxc4 19. Rd3 Bf6 20. e5 Bxf3 21.
Rxf3 Qxe2 22. Rxe2 Bxe5 23. Bg5 f6 24. Bd2 d5 25. Nd1 Rc2 26. Kf1 d4 27. Rd3
Kf7 28. g3 Bc7 29. f4 h5 30. Ke1 h4 31. Re4 hxg3 32. hxg3 Bb6 33. g4 Rh8 34. f5
exf5 35. gxf5 Ne5 36. Rexd4 Bxd4 37. Rxd4 Nf3+ 0-1

[Event "Collado Villaoba op-B 34th"]
[Site "Collado Villalba"]
[Date "2017.08.26"]
[Round "5.15"]
[White "Merino Conrado, Ricardo"]
[Black "Santos Garay-Cordovil, Salvador"]
[Result "0-1"]
[WhiteElo "1474"]
[BlackElo "1825"]
[PlyCount "64"]
[EventDate "2017.08.22"]
[EventType "swiss"]
[EventRounds "9"]
[EventCountry "ESP"]

1. d4 Nf6 2. c4 e6 3. a3 c5 4. Bg5 cxd4 5. Qxd4 Be7 6. f3 Nc6 7. Qd1 h6 8. Bh4
O-O 9. e4 Qc7 10. Nc3 a6 11. Bf2 Na5 12. Rc1 Nb3 13. Qc2 Nxc1 14. Qxc1 d5 15.
Bg3 Bd6 16. f4 dxe4 17. Be2 b6 18. b4 Bb7 19. Qe3 Rac8 20. Nh3 Nd5 21. Qc1 Ne7
22. Nf2 f5 23. O-O e5 24. Nfd1 Ng6 25. Ne3 Nxf4 26. Bxf4 exf4 27. Ned5 Qd8 28.
Nxf4 Bxf4 29. Rxf4 g5 30. Rf1 Qd4+ 31. Kh1 f4 32. Bd1 Qxc4 0-1

[Event "Collado Villaoba op-B 34th"]
[Site "Collado Villalba"]
[Date "2017.08.26"]
[Round "5.16"]
[White "Fernandez Estremera, Fernando"]
[Black "Salgado Duarte, Pablo"]
[Result "1-0"]
[WhiteElo "1722"]
[BlackElo "1583"]
[PlyCount "63"]
[EventDate "2017.08.22"]
[EventType "swiss"]
[EventRounds "9"]
[EventCountry "ESP"]

1. d4 d5 2. c4 e6 3. Nc3 Nf6 4. cxd5 Nxd5 5. e4 Nf6 6. Bg5 Be7 7. Nf3 Nc6 8.
Be2 O-O 9. O-O h6 10. Bxf6 Bxf6 11. e5 Be7 12. a3 b6 13. Bd3 Kh8 14. Bc2 a5 15.
Qd3 g6 16. Ba4 Bb7 17. Qe4 Qd7 18. Rac1 Qe8 19. d5 exd5 20. Nxd5 Bd6 21. Qc2
Bxe5 22. Nxe5 Qxe5 23. Bxc6 Bxc6 24. Qxc6 Qxb2 25. Rc3 Rac8 26. Qf6+ Kh7 27.
Qe5 f6 28. Nxf6+ Rxf6 29. Qxf6 Qb5 30. Qf7+ Kh8 31. Rh3 h5 32. Qxg6 1-0

[Event "Collado Villaoba op-B 34th"]
[Site "Collado Villalba"]
[Date "2017.08.26"]
[Round "5.17"]
[White "Marivela Santos, Juan Carlos"]
[Black "Fernandez Garcia, Emiliano"]
[Result "1-0"]
[WhiteElo "1716"]
[BlackElo "1537"]
[PlyCount "157"]
[EventDate "2017.08.22"]
[EventType "swiss"]
[EventRounds "9"]
[EventCountry "ESP"]

1. c4 Nf6 2. Nc3 e6 3. Nf3 b6 4. g3 Bb7 5. Bg2 d5 6. cxd5 Nxd5 7. O-O Nd7 8. a3
Be7 9. b4 Nxc3 10. dxc3 O-O 11. Qc2 Nf6 12. Rd1 Qc8 13. Bb2 c5 14. b5 Qc7 15.
c4 Be4 16. Qc3 Rad8 17. Ne5 Bxg2 18. Kxg2 Ne4 19. Qc2 Nd6 20. Nc6 Rde8 21. Be5
Kh8 22. Qd3 Qb7 23. Bxd6 Rd8 24. Kg1 Rxd6 25. Qf3 Qc7 26. Rd3 Rxd3 27. Qxd3 a6
28. a4 Ra8 29. Rd1 axb5 30. axb5 h6 31. Qd7 Qxd7 32. Rxd7 Ra1+ 33. Kg2 Bf6 34.
Rxf7 Rc1 35. Rf8+ Kh7 36. Re8 Rxc4 37. Rxe6 Rc2 38. Ne7 c4 39. Kf3 Bd4 40. Nd5
Rb2 41. Nxb6 c3 42. Rc6 Rxb5 43. Na4 Rb3 44. e3 Bf6 45. Rc4 Ra3 46. Ke2 Ra2+
47. Kd3 c2 48. Nc5 c1=Q 49. Rxc1 Rxf2 50. Rc2 Rf1 51. e4 Rf3+ 52. Kc4 Re3 53.
Kd5 Kg6 54. Rd2 Kg5 55. Rd3 Re2 56. h3 h5 57. Ne6+ Kh6 58. Nf4 Re1 59. Ne6 Re2
60. Nd4 Re1 61. Nf5+ Kg6 62. Ne3 Kf7 63. e5 Bg5 64. Nc4 Ke7 65. Nd6 Kd7 66. Ne4
Be7 67. e6+ Ke8 68. Ke5 Rf1 69. Nd6+ Bxd6+ 70. Kxd6 Re1 71. Rd5 Rf1 72. Rxh5
Rd1+ 73. Rd5 Rg1 74. Rd3 Rf1 75. g4 g5 76. Ke5 Rf2 77. Rd7 Re2+ 78. Kf5 Rf2+
79. Kg6 1-0

[Event "Collado Villaoba op-B 34th"]
[Site "Collado Villalba"]
[Date "2017.08.26"]
[Round "5.18"]
[White "Leniz Martinez, Francisco"]
[Black "Enriquez Pastor, Jorge"]
[Result "0-1"]
[WhiteElo "1710"]
[BlackElo "1472"]
[PlyCount "74"]
[EventDate "2017.08.22"]
[EventType "swiss"]
[EventRounds "9"]
[EventCountry "ESP"]

1. Nf3 Nf6 2. d4 g6 3. c4 d6 4. Nc3 Bg7 5. e4 O-O 6. Be2 e5 7. O-O Nfd7 8. Be3
f5 9. exf5 gxf5 10. dxe5 dxe5 11. Bg5 Bf6 12. Bxf6 Rxf6 13. Qc2 Qf8 14. Rad1 c6
15. Rd2 e4 16. Ne1 Ne5 17. Qd1 Bd7 18. Nc2 Qg7 19. Kh1 Na6 20. f4 exf3 21. Bxf3
Rd8 22. b3 Rff8 23. Ne2 Nc5 24. Ng3 Ne6 25. Be2 f4 26. Ne4 b6 27. Ne1 c5 28.
Nf3 Nc6 29. Rd5 h6 30. Qb1 Ncd4 31. Rf2 Nxe2 32. Rxe2 Bc6 33. Rdd2 Nd4 34. Nxd4
Rxd4 35. Rxd4 Qxd4 36. Nf2 Qg7 37. Re6 Qxg2# 0-1

[Event "Collado Villaoba op-B 34th"]
[Site "Collado Villalba"]
[Date "2017.08.26"]
[Round "5.20"]
[White "Ramirez Ocaña, Eneas"]
[Black "Suarez Prieto, Leopoldo"]
[Result "1/2-1/2"]
[WhiteElo "1385"]
[BlackElo "1648"]
[PlyCount "59"]
[EventDate "2017.08.22"]
[EventType "swiss"]
[EventRounds "9"]
[EventCountry "ESP"]

1. e4 e5 2. Nf3 Nc6 3. Bb5 Nd4 4. Nxd4 exd4 5. O-O c6 6. Ba4 a5 7. a3 d6 8. c3
b5 9. Bc2 c5 10. d3 Nf6 11. Bg5 Be7 12. h3 h5 13. cxd4 cxd4 14. Nd2 Ng4 15.
Bxe7 Qxe7 16. hxg4 hxg4 17. g3 f5 18. exf5 Bb7 19. Ne4 Bxe4 20. dxe4 Qg5 21.
Kg2 Kd7 22. Rh1 Rh3 23. Rxh3 gxh3+ 24. Kxh3 Rh8+ 25. Kg2 Qf6 26. Qd3 Kc6 27.
Bd1 Qh6 28. Be2 Qh3+ 29. Kf3 Qh5+ 30. Kg2 1/2-1/2

[Event "Collado Villaoba op-B 34th"]
[Site "Collado Villalba"]
[Date "2017.08.26"]
[Round "5.22"]
[White "Guerra Pantojo, Daniel"]
[Black "Galan Aguado, Fernando"]
[Result "1/2-1/2"]
[WhiteElo "1390"]
[BlackElo "1618"]
[PlyCount "96"]
[EventDate "2017.08.22"]
[EventType "swiss"]
[EventRounds "9"]
[EventCountry "ESP"]

1. e4 e6 2. d4 d5 3. Nc3 dxe4 4. Nxe4 Bd7 5. Nf3 Bc6 6. Nc3 Nd7 7. Be2 Ngf6 8.
a3 Bd6 9. h3 a6 10. Be3 Qe7 11. Qd2 b5 12. O-O O-O 13. Bf4 b4 14. axb4 Bxb4 15.
Bxc7 Nd5 16. Nxd5 exd5 17. Qf4 Qxe2 18. c3 Be7 19. Rae1 Qxb2 20. Rxe7 Bb5 21.
Rc1 Nf6 22. Ree1 Ne4 23. Qe3 Rac8 24. Ba5 Rfe8 25. Ne5 f6 26. Rb1 Qa3 27. Bb4
Qa2 28. Ra1 Qxf2+ 29. Qxf2 Nxf2 30. Kxf2 fxe5 31. dxe5 Re6 32. Rad1 Bc4 33. Re3
Ra8 34. Ra1 Ra7 35. g4 Rf7+ 36. Kg2 Rf4 37. Rae1 Rf7 38. Rf3 h6 39. Rxf7 Kxf7
40. Kg3 Bd3 41. Re3 Be4 42. Bd6 Bc2 43. Re2 Bb3 44. Rb2 Bc4 45. Rb7+ Kg8 46.
Ra7 Re8 47. Kf4 Kh7 48. h4 Kg6 1/2-1/2

[Event "Collado Villaoba op-B 34th"]
[Site "Collado Villalba"]
[Date "2017.08.26"]
[Round "5.24"]
[White "Garcia Lopez, Fernando"]
[Black "Rojas Fernandez, Antonio"]
[Result "1-0"]
[WhiteElo "1558"]
[BlackElo "1316"]
[PlyCount "89"]
[EventDate "2017.08.22"]
[EventType "swiss"]
[EventRounds "9"]
[EventCountry "ESP"]

1. e4 e5 2. Nf3 Nc6 3. Bb5 a6 4. Ba4 Nf6 5. d3 Bc5 6. O-O O-O 7. Bxc6 dxc6 8.
Nxe5 Qd6 9. Nf3 Bg4 10. Nbd2 Rad8 11. Qe1 Qe6 12. a3 Ba7 13. b4 Rfe8 14. Bb2
Bb6 15. Qc1 a5 16. Ng5 Qe7 17. Nc4 h6 18. bxa5 Ba7 19. Nf3 Bxf3 20. gxf3 Nh5
21. Ne5 Bd4 22. Bxd4 Rxd4 23. Ng4 Qd7 24. Re1 f5 25. exf5 Rxe1+ 26. Qxe1 Qxf5
27. Qe3 Qf4 28. Qe8+ Kh7 29. Qxh5 Qxf3 30. h3 Rf4 31. Re1 Rf8 32. Qh4 g5 33.
Qxh6+ Kg8 34. Qxg5+ Kh7 35. Re7+ Rf7 36. Rxf7+ Qxf7 37. Qh6+ Kg8 38. Nf6+ Qxf6
39. Qxf6 Kh7 40. Kg2 Kg8 41. Kg3 Kh7 42. Kg4 Kg8 43. Kg5 Kh7 44. Qf7+ Kh8 45.
Kh6 1-0

[Event "Collado Villaoba op-B 34th"]
[Site "Collado Villalba"]
[Date "2017.08.26"]
[Round "5.25"]
[White "Buergo Villanueva, Fernando"]
[Black "Cebrian Alfaya, Jorge"]
[Result "0-1"]
[WhiteElo "1265"]
[BlackElo "1527"]
[PlyCount "62"]
[EventDate "2017.08.22"]
[EventType "swiss"]
[EventRounds "9"]
[EventCountry "ESP"]

1. d4 e6 2. Nf3 d5 3. e3 f5 4. Bd3 Nf6 5. b3 Bd6 6. Bb2 O-O 7. Nbd2 Nbd7 8. h3
Ne4 9. Nf1 Bb4+ 10. N1d2 Nc3 11. Bxc3 Bxc3 12. Rb1 Nf6 13. b4 a5 14. a3 Qe7 15.
Ke2 axb4 16. Rb3 Rxa3 17. Nb1 Ra1 18. Ne5 Ne4 19. Qg1 Nd2 20. Nf3 Nxb3 21. cxb3
e5 22. Nxe5 f4 23. Qh2 Ra2+ 24. Kd1 fxe3 25. Nxc3 bxc3 26. Bc2 Ra1+ 27. Ke2
Rxf2+ 28. Kxe3 Rxh1 29. Qxh1 Rxc2 30. Kd3 Bf5+ 31. Ke3 Qg5+ 0-1

[Event "Collado Villaoba op-B 34th"]
[Site "Collado Villalba"]
[Date "2017.08.26"]
[Round "5.27"]
[White "Martin Rodriguez, Jose Luis"]
[Black "Perez Suchan, Saul Mario"]
[Result "1/2-1/2"]
[WhiteElo "1291"]
[BlackElo "1668"]
[PlyCount "67"]
[EventDate "2017.08.22"]
[EventType "swiss"]
[EventRounds "9"]
[EventCountry "ESP"]

1. c4 e5 2. Nc3 f5 3. e4 d6 4. exf5 Bxf5 5. Qf3 Bc8 6. d3 Nf6 7. Bg5 Be7 8.
Bxf6 Bxf6 9. g3 O-O 10. Qd5+ Kh8 11. Bh3 c6 12. Qe4 Bxh3 13. Nxh3 Na6 14. O-O
Nc7 15. Rfe1 Qd7 16. Kg2 Rae8 17. Qe3 b6 18. Qc1 Ne6 19. Re4 d5 20. cxd5 cxd5
21. Re1 Nc5 22. Qd1 Rd8 23. Rc1 Qf5 24. Re3 Be7 25. Rf3 Qxf3+ 26. Qxf3 Rxf3 27.
Kxf3 Nxd3 28. Rd1 Nxb2 29. Rxd5 Rxd5 30. Nxd5 Bf6 31. Ke4 Na4 32. Kf5 b5 33.
Nxf6 gxf6 34. Kxf6 1/2-1/2

[Event "Collado Villaoba op-B 34th"]
[Site "Collado Villalba"]
[Date "2017.08.26"]
[Round "5.28"]
[White "Gijon Molina, Carlos"]
[Black "Olmedo Alvarez, Marcos"]
[Result "0-1"]
[WhiteElo "1189"]
[BlackElo "1466"]
[PlyCount "80"]
[EventDate "2017.08.22"]
[EventType "swiss"]
[EventRounds "9"]
[EventCountry "ESP"]

1. d3 c5 2. Nc3 g6 3. e4 Bg7 4. Nge2 Nc6 5. b3 Nf6 6. Bb2 O-O 7. Qc1 d5 8. exd5
Nxd5 9. Ne4 Qa5+ 10. c3 Ne5 11. Qc2 Bf5 12. Qd2 Rad8 13. N2g3 Bxe4 14. Nxe4 Nf6
15. f3 Nxe4 16. fxe4 f5 17. c4 Qxd2+ 18. Kxd2 Nxc4+ 19. bxc4 Bxb2 20. Rb1 Bg7
21. exf5 Rxf5 22. Rxb7 Rf2+ 23. Be2 Rxg2 24. Rxa7 Bh6+ 25. Ke1 Rb8 26. Kf1 Rg5
27. Bd1 Rf5+ 28. Kg2 Rb2+ 29. Kh3 Bg5 30. Bg4 Rff2 31. Be6+ Kg7 32. Bd5 Rbd2
33. Ra3 Rf4 34. Kg3 Rdf2 35. h4 Bf6 36. h5 Be5 37. h6+ Kf6 38. Ra6+ Kg5 39.
Rxg6+ hxg6 40. h7 R4f3# 0-1

[Event "Collado Villaoba op-B 34th"]
[Site "Collado Villalba"]
[Date "2017.08.26"]
[Round "5.31"]
[White "Garcia Prada, Guillermo"]
[Black "Olmedo Alvarez, Jesus"]
[Result "1/2-1/2"]
[WhiteElo "1375"]
[BlackElo "1361"]
[PlyCount "42"]
[EventDate "2017.08.22"]
[EventType "swiss"]
[EventRounds "9"]
[EventCountry "ESP"]

1. e4 e6 2. d4 d5 3. exd5 exd5 4. Bd3 Nf6 5. Nf3 Be7 6. O-O O-O 7. c3 Re8 8.
Re1 Bg4 9. Bf4 Nbd7 10. Nbd2 Nf8 11. Qc2 Bxf3 12. Nxf3 Ng6 13. Bg5 c6 14. Re2
Ne4 15. Bxe7 Qxe7 16. g3 f5 17. Ne5 Nxe5 18. dxe5 g6 19. f4 h5 20. Bxe4 dxe4
21. Rd1 Rad8 1/2-1/2